| 000 | 01307nam a22003857a 4500 | ||
|---|---|---|---|
| 001 | 000098001 | ||
| 003 | CHAP | ||
| 005 | 20220329143304.0 | ||
| 008 | 080219d2001 sp r 00110 spa d | ||
| 010 | _a94467 | ||
| 011 | _a95439 | ||
| 020 | _a8471149737 | ||
| 035 | _a106065 | ||
| 040 | _cCHAP | ||
| 082 | 0 | 4 |
_a551.5 _bE5 2001 |
| 100 | 1 |
_aElías Castillo, Francisco. _936415 |
|
| 245 | 1 | 0 |
_aAgrometeorología / _c/por Francisco Elias Castillo y Francesc Castellvi Sentis. |
| 250 | _a2 ed. | ||
| 260 |
_aMadrid. : _bMundi-Prensa, _c2001. |
||
| 300 |
_a517 p. : _bilus. ; gráfs. ; cuadros ; mapa. |
||
| 590 |
_aBATCH-UPD _b10 _c20130110 _lUCH01 _h0543 |
||
| 590 |
_aBATCH-UPD _b10 _c20130410 _lUCH01 _h0224 |
||
| 590 |
_aBATCH-UPD _b10 _c20130914 _lUCH01 _h1127 |
||
| 590 |
_aBATCH-UPD _b10 _c20160819 _lUCH01 _h1413 |
||
| 590 |
_aCONVERSION _b10 _c20130109 _lUCH01 _h1352 |
||
| 590 |
_aE11695DGD _b10 _c20160819 _lUCH01 _h1412 |
||
| 650 | 1 | 4 |
_aCultivos y clima. _930392 |
| 650 | 1 | 4 |
_aMeteorología agrícola. _975217 |
| 700 | 1 | 0 |
_aCastellvi Sentis, Francesc. _9131074 |
| 901 | _aBK | ||
| 942 | _cLIBRO | ||
| 942 | _n0 | ||
| 949 |
_a551.5 E5 2001 _bBC _cLIBRO _d33724002045926 _eLIBRO _fc.2 _h108989 _i106065 _si _t$639.00 |
||
| 949 |
_a551.5 E5 2001 _bBC _cLIBRO _d33724002045934 _eLIBRO _h108990 _i106065 _so _t$639.00 |
||
| 999 |
_c94467 _d94467 |
||